[Christmas card sent to the President of the Chartered Surveyors' Institution by a prisoner of war] (Record no. 116730)

MARC details
000 -LEADER
fixed length control field 01033cam a22002175a 4500
001 - CONTROL NUMBER
control field L141538
008 - FIXED-LENGTH DATA ELEMENTS--GENERAL INFORMATION
fixed length control field 071129s1943 gw eng u
035 ## - SYSTEM CONTROL NUMBER
System control number (Sirsi) u141538
041 0# - LANGUAGE CODE
Language code of text/sound track or separate title eng
100 1# - MAIN ENTRY--PERSONAL NAME
Personal name Hodgson, John R.
245 01 - TITLE STATEMENT
Title [Christmas card sent to the President of the Chartered Surveyors' Institution by a prisoner of war]
Medium [manuscript]
260 ## - PUBLICATION, DISTRIBUTION, ETC.
Date of publication, distribution, etc. 1943
300 ## - PHYSICAL DESCRIPTION
Extent 1 card
Other physical details ill.
Dimensions 15 x 10 cm. +
Accompanying material 1 sheet (14 x 21 cm.)
340 ## - PHYSICAL MEDIUM
Material base and configuration Printed and manuscript
351 ## - ORGANIZATION AND ARRANGEMENT OF MATERIALS
Hierarchical level Single item
500 ## - GENERAL NOTE
General note Item is a Christmas card showing an image of Oflag IX A/H with the wording 'Oflag IX A/H sends Christmas greetings 1943 and best wishes for the New Year 1944'. The card was sent to the President of the Chartered Surveyors' Institution by Major John R. Hodgson (P.O.W. 559), who also designed the card.
500 ## - GENERAL NOTE
General note Item is accompanied by a note setting out the history of Oflag IX A/H and the prisoners who were held there.
651 4# - SUBJECT ADDED ENTRY--GEOGRAPHIC NAME
Geographic name Deutschland = Germany
Chronological subdivision 1990-
690 ## - LOCAL SUBJECT ADDED ENTRY--TOPICAL TERM (OCLC, RLIN)
Topical term or geographic name as entry element ABOUT RICS
942 ## - ADDED ENTRY ELEMENTS (KOHA)
Suppress in OPAC 0
Holdings
Withdrawn status Lost status Source of classification or shelving scheme Damaged status Not for loan Home library Current library Shelving location Date acquired Total Checkouts Full call number Barcode Date last seen Copy number Price effective from Koha item type
    Dewey Decimal Classification     London London Basement 29/11/2007   BASEMENT BOX 3 141538-1001 06/08/2019 1 06/08/2019 Archive